Les homonymes dans la langue française - lettre R - Statistiques

Statistiques générales
  • Ce quiz a été pris 177 fois
  • Le résultat moyen est 18 sur 22
Statistiques - réponses
Mot Indice Homonyme % Correct
racket de tennis raquette
99%
ras rongeur rat
99%
rai poisson raie
98%
rap à fromage râpe
97%
ris céréale riz
97%
raid rigide raide
95%
roc danse rock
94%
rochet pierre rocher
91%
roue couleur roux
90%
radiaux TSF radio
88%
repaire référence repère
88%
reine animal renne
86%
rad baie,golfe rade
85%
reine lanière rêne
85%
ras de marée raz
79%
rate légume ratte
76%
raciaux rapport ratio
75%
(il) rend position rang
69%
rainette pomme reinette
65%
roc échecs roque
63%
rai filet rets
32%
rail whisky rye
19%
Aucun quiz correspondant
Distribution des résultats
% des personnes avec chaque résultat
Percentile par nombre de réponses
Votre historique - résultats
Vous n’avez pas pris ce quiz